Radio designer's handabook (Record no. 169752)

MARC details
000 -LEADER
fixed length control field 00377nam a2200145Ia 4500
008 - FIXED-LENGTH DATA ELEMENTS--GENERAL INFORMATION
fixed length control field 231217s9999 xx 000 0 und d
041 ## - LANGUAGE CODE
Language code of text/sound track or separate title English
082 ## - DEWEY DECIMAL CLASSIFICATION NUMBER
Classification number 621.3841 LAN
100 ## - MAIN ENTRY--PERSONAL NAME
Personal name Langford, Smith F
245 #0 - TITLE STATEMENT
Title Radio designer's handabook
260 ## - PUBLICATION, DISTRIBUTION, ETC.
Date of publication, distribution, etc. 1953
Name of publisher, distributor, etc. London : Wireless World,
300 ## - PHYSICAL DESCRIPTION
Extent x/iv+1498
650 ## - SUBJECT ADDED ENTRY--TOPICAL TERM
Topical term or geographic name entry element Radio,designer''s,handabook
942 ## - ADDED ENTRY ELEMENTS (KOHA)
Koha item type Books
Holdings
Date last seen Total checkouts Full call number Accession number Price effective from Category Lost status Damaged status Department Withdrawn status Home library Current library Shelving location Entry date Grants Billdate Currency symbol Conversion rate Discount Old discount
26/01/2024   621.3841 LAN 23594 26/01/2024 Books     CS   Central Library Central Library CS 29/11/2003 CS 11/04/2005 EURO 1    

© For any Suggestions or Query, please contact the library staff @ librarian@pes.edu or Phone: +9180 2672 1983/ 2108.